Familia española / (Record no. 858)
[ view plain ]
| 000 -LEADER | |
|---|---|
| campo de control de longitud fija | 01136nas a2200301 i 4500 |
| 001 - NÚMERO DE CONTROL | |
| campo de control | 858 |
| 003 - IDENTIFICADOR DE NÚMERO DE CONTROL | |
| campo de control | ES-MaACL |
| 005 - FECHA Y HORA DE LA ÚLTIMA TRANSACCIÓN | |
| campo de control | 20250416162750.0 |
| 007 - CAMPO FIJO DE DESCRIPCIÓN FÍSICA--INFORMACIÓN GENERAL | |
| campo de control de longitud fija | t| |
| 008 - DATOS DE LONGITUD FIJA--INFORMACIÓN GENERAL | |
| campo de control de longitud fija | 950801c1959 sp | | 1 ||pa d |
| 022 ## - NÚMERO INTERNACIONAL NORMALIZADO PARA PUBLICACIONES SERIADAS | |
| Número Internacional Normalizado para Publicaciones Seriadas | 0425-6638 |
| 080 ## - NÚMERO DE LA CLASIFICACIÓN DECIMAL UNIVERSAL | |
| Número de la Clasificación Decimal Universal | 316.356.2(460) |
| 245 00 - MENCIÓN DEL TÍTULO | |
| Título | Familia española / |
| Mención de responsabilidad, etc. | dir. Gabriel Elorriaga Fernández. |
| 260 ## - PUBLICACIÓN, DISTRIBUCIÓN, ETC. | |
| Lugar de publicación, distribución, etc. | Madrid, etc : |
| Nombre del editor, distribuidor, etc. | Secretaría Permanente de los Congresos de la Familia Española, |
| Fecha de publicación, distribución, etc. | 1959- |
| 300 ## - DESCRIPCIÓN FÍSICA | |
| Extensión | 14 v. : |
| Otras características físicas | grab. ; |
| Dimensiones | 27 cm. |
| 310 ## - PERIODICIDAD ACTUAL | |
| Periodicidad actual | Mensual |
| 362 0# - FECHAS DE PUBLICACIÓN Y/O DESIGNACIÓN SECUENCIAL | |
| Fecha de publicación y/o designación secuencial | 1. época, n. 1 (nov. 1959)- |
| 500 ## - NOTA GENERAL | |
| Nota general | A partir de 1963 aparece el año de publicación de la rev. |
| 525 ## - NOTA DE SUPLEMENTO | |
| Nota de suplemento | El suplemento va junto a la revista. |
| 650 14 - PUNTO DE ACCESO ADICIONAL DE MATERIA--TÉRMINO DE MATERIA | |
| Término de materia o nombre geográfico como elemento de entrada | Revistas de información general. |
| 9 (RLIN) | 16896 |
| 655 #7 - TERMINO DE INDIZACIÓN--GENERO/FORMA | |
| Fuente del término | tgfbne |
| 9 (RLIN) | 226866 |
| Datos o término principal de género/forma | Revistas |
| 700 1# - ENTRADA AGREGADA--NOMBRE PERSONAL | |
| Nombre de persona | Elorriaga Fernández, Gabriel, |
| 9 (RLIN) | 227541 |
| 852 ## - LOCALIZACIÓN | |
| Ubicación | ES-MaACL |
| Número de control de estantería | HEM-H-134 |
| Encuadernación | HEM-1210 |
| Ubicación en estantería | Hemeroteca |
| Nota libre | Expurgado: marzo 2025: posterior 1958; muy incompleta; En Biblioteca Regional de la Comunidad de Madrid |
| 866 #0 - MENCIÓN TEXTUAL DE FONDOS--UNIDAD BIBLIOGRÁFICA BÁSICA | |
| Fondos | 1959(1960),(1962)1963-1968. |
| 942 ## - ELEMENTOS DE ENTRADA SECUNDARIOS (KOHA) | |
| Fuente del sistema de clasificación o colocación | Clasificación decimal universal |
| Tipo de ítem Koha | Revista |
| Estatus retirado | Estado de pérdida | Fuente del sistema de clasificación o colocación | Estado de daño | No para préstamo | Colección | Biblioteca de origen | Biblioteca actual | Ubicación en estantería | Fecha de adquisición | Total de préstamos | Signatura topográfica completa | Código de barras | Visto por última vez | Precio de reemplazo | Tipo de ítem Koha |
|---|---|---|---|---|---|---|---|---|---|---|---|---|---|---|---|
| Expurgado | Clasificación decimal universal | Periódicos y Revistas | Biblioteca del Ateneo de Madrid | Biblioteca del Ateneo de Madrid | Hemeroteca | 17/01/2008 | HEM-H-134 | 1000874 | 23/02/2023 | 23/02/2023 | Revista |
